| 000 | 00891 a2200217 4500 | ||
|---|---|---|---|
| 001 | 127787 | ||
| 020 | _a9781407136288 | ||
| 040 | _cEscola Canadense de Niteroi | ||
| 090 | _aKUE | ||
| 100 | _aKuenzler, Lou | ||
| 245 | 1 | 0 | _aPrincess DisGrace: first term at Tall Towers |
| 300 |
_a240 p. _c3 x 0.83 x 8.5 inches (paperback) |
||
| 362 | 0 | _a2014 | |
| 490 | 0 | _aPrincess Disgrace | |
| 520 | _aPrincess Grace is anything but graceful. Her clumsiness gets her in all sorts of trouble. But now Grace is starting at Tall Towers Princess School - she can learn to be a proper princess at last! At her new school she must make new friends and learn the rules. Most importantly, she must pass her first test: she must learn to train her unicorn. | ||
| 650 | 4 | _aJuvenile Literature | |
| 650 | 4 | _aHumorous stories | |
| 650 | 4 | _aKingdoms | |
| 650 | 4 | _a Princesses and Princes | |
| 942 | _cBK | ||
| 999 |
_c127787 _d127787 |
||